| 000 | 01234pam a2200349 a 4500 | ||
|---|---|---|---|
| 001 | 3069462 | ||
| 003 | OSt | ||
| 005 | 20140310182035.0 | ||
| 008 | 970307s1997 nju b 000 0 eng | ||
| 010 | _a 97006827 | ||
| 020 | _a0875523838 (paper) | ||
| 040 |
_aDLC _cDLC _dDLC |
||
| 050 | 0 | 0 |
_aBV 4520 _b.M553 1997 |
| 082 | 0 | 0 |
_aHS 269.2 _bM61 1980 |
| 100 | 1 |
_aMiller, C. John. _910669 |
|
| 245 | 1 | 0 |
_aPowerful evangelism for the powerless / _cC. John Miller. |
| 250 | _aRev. ed. | ||
| 260 |
_aPhillipsburg, N.J. : _bP & R Pub., _cc1997. |
||
| 300 |
_a152 p. ; _c22 cm. |
||
| 500 | _aRev. ed. of: Evangelism and your church. 1980. | ||
| 504 | _aIncludes bibliographical references. | ||
| 521 | _aFourth year high school students | ||
| 526 | _c1110L to 1310L | ||
| 541 | _j1 | ||
| 562 | _eFor circulation. One copy available in the collection. | ||
| 650 | 0 |
_aWitness bearing (Christianity) _910645 |
|
| 650 | 0 |
_aEvangelistic work. _910670 |
|
| 700 | 1 |
_aMiller, C. John. _tEvangelism and your church. _910671 |
|
| 906 |
_a7 _bcbc _corignew _d1 _eocip _f19 _gy-gencatlg |
||
| 942 |
_2lcc _cHS _kHS |
||
| 999 |
_c8672 _d8672 |
||